[Event "GRE-chT 49th"]
[Site "Thessaloniki"]
[Date "2022.08.12"]
[Round "1.6"]
[White "Mihailidou, Magdalini"]
[Black "Galani, Dimitra"]
[Result "1-0"]
[WhiteElo "1804"]
[BlackElo "1521"]
[PlyCount "107"]
[EventDate "2022.08.12"]
[EventType "team-swiss"]
[EventRounds "7"]
[EventCountry "GRE"]
[SourceTitle "CBM 209 Extra"]
[Source "ChessBase"]
[SourceDate "2022.09.30"]
[SourceVersion "1"]
[SourceVersionDate "2022.09.30"]
[SourceQuality "1"]
[WhiteTeam "Pneemathlon"]
[BlackTeam "Neapolis Sykeon"]
[WhiteTeamCountry "GRE"]
[BlackTeamCountry "GRE"]

1. e4 Nf6 2. e5 Nd5 3. d4 d6 4. Bc4 Nb6 5. Bb3 Nc6 6. e6 d5 7. exf7+ Kxf7 8. Nf3 Bf5 9. c3 e6 10. Ng5+ Kg8 11. g4 Be7 12. h4 h6 13. gxf5 hxg5 14. fxe6 gxh4 15. Qg4 Qf8 16. Bc2 Qf6 17. Bg6 Nd8 18. Bf5 Nc4 19. Bf4 Nd6 20. Be5 Qg5 21. Qxg5 Bxg5 22. Rg1 Nxf5 23. Rxg5 Ne7 24. Rxg7+ Kf8 25. Rg4 Rh7 26. Nd2 Nxe6 27. Nf3 h3 28. 0-0-0 Ke8 29. Rh1 Kd7 30. Bf6 Rf8 31. Ne5+ Ke8 32. Bxe7 Kxe7 33. Ng6+ Kf7 34. Nxf8 Kxf8 35. Rg3 Nf4 36. Rf3 Rh4 37. Kd2 Ke7 38. Rg3 Kd6 39. Ke3 Ng2+ 40. Kf3 Rf4+ 41. Ke2 Re4+ 42. Kd2 Nf4 43. Re3 Ke6 44. Rxe4+ dxe4 45. Ke3 Kf5 46. f3 Ng2+ 47. Kf2 Nf4 48. fxe4+ Kxe4 49. Kg3 Nd3 50. b3 Nf4 51. Re1+ Kf5 52. Rf1 h2 53. Rxf4+ Kg5 54. Rh4 1-0

[Event "GRE-chT Online Rapid (Women) 1st"]
[Site "Tornelo INT"]
[Date "2021.02.20"]
[Round "1.12"]
[White "Galani, Dimitra"]
[Black "Vakali, Athina"]
[Result "1-0"]
[WhiteElo "1492"]
[BlackElo "1385"]
[PlyCount "85"]
[EventDate "2021.02.20"]
[EventType "team-swiss (rapid)"]
[EventRounds "9"]
[EventCountry "GRE"]
[SourceTitle "EXT 2023"]
[Source "ChessBase"]
[SourceDate "2022.10.05"]
[SourceVersion "1"]
[SourceVersionDate "2022.10.05"]
[SourceQuality "1"]

1. e4 e5 2. Nf3 Nc6 3. Bb5 a6 4. Ba4 Nf6 5. d3 b5 6. Bb3 Be7 7. 0-0 0-0 8. c3 Na5 9. Nxe5 d6 10. Nf3 Bg4 11. Bc2 Nc6 12. Nbd2 d5 13. d4 dxe4 14. Nxe4 Qd5 15. Re1 Qh5 16. Ng3 Bxf3 17. Nxh5 Bxd1 18. Nxf6+ Bxf6 19. Bxd1 Rfe8 20. Be3 Rad8 21. Bf3 Na5 22. Bf4 Nc4 23. Bxc7 Rc8 24. Rxe8+ Rxe8 25. b3 Nd2 26. Bg4 Bg5 27. f4 Bh6 28. Rd1 Re7 29. Bd6 Re4 30. Rxd2 Bxf4 31. Bxf4 Rxf4 32. Re2 h6 33. Bc8 Rf6 34. d5 Rd6 35. c4 bxc4 36. bxc4 a5 37. Bb7 Kf8 38. c5 Rd7 39. Bc6 Rd8 40. d6 Rc8 41. d7 Rd8 42. Re8+ Rxe8 43. dxe8R# 1-0

[Event "Thessaloniki ESSTH HALK-ch U16 11th"]
[Site "Thessaloniki"]
[Date "2018.11.03"]
[Round "1.5"]
[White "Galani, Dimitra"]
[Black "Vlassi, Anna"]
[Result "1-0"]
[WhiteElo "1499"]
[BlackElo "1000"]
[PlyCount "33"]
[EventDate "2018.11.03"]
[EventType "swiss"]
[EventRounds "6"]
[EventCountry "GRE"]
[SourceTitle "EXT 2024"]
[Source "ChessBase"]
[SourceDate "2023.10.10"]
[SourceVersion "1"]
[SourceVersionDate "2023.10.10"]
[SourceQuality "1"]

1. e4 e5 2. Nf3 Nc6 3. Bb5 a6 4. Ba4 Nf6 5. 0-0 b5 6. Bb3 Na5 7. Nxe5 Nxb3 8. axb3 Nxe4 9. Re1 Bb7 10. d3 Bd6 11. Nf3 f5 12. dxe4 fxe4 13. Bg5 Be7 14. Bxe7 Qxe7 15. Nc3 Bc6 16. Nd5 Bxd5 17. Qxd5 1-0

[Event "GRE-ch U16 Girls"]
[Site "Rio Achaia"]
[Date "2018.07.08"]
[Round "6"]
[White "Dagkonaki, Aspasia"]
[Black "Galani, Dimitra"]
[Result "1-0"]
[WhiteElo "1510"]
[BlackElo "1526"]
[PlyCount "45"]
[EventDate "2018.07.03"]
[EventType "swiss"]
[EventRounds "9"]
[EventCountry "GRE"]
[SourceTitle "EXT 2019"]
[Source "ChessBase"]
[SourceDate "2018.10.10"]
[SourceVersion "1"]
[SourceVersionDate "2018.10.10"]
[SourceQuality "1"]

1. f4 d5 2. Nf3 c5 3. e3 Nc6 4. Bb5 a6 5. Bxc6+ bxc6 6. b3 Nf6 7. Bb2 e6 8. 0-0 g6 9. d3 Bg7 10. Qe1 0-0 11. Nbd2 a5 12. Ne5 Qb6 13. a4 Ne8 14. Kh1 f6 15. Nef3 Nd6 16. e4 Kh8 17. e5 Nf5 18. exf6 Bxf6 19. Bxf6+ Rxf6 20. Qe5 Kg7 21. g4 Nd4 22. Nxd4 cxd4 23. g5 1-0

[Event "GRE-ch U16 Girls"]
[Site "Rio Achaia"]
[Date "2018.07.04"]
[Round "2"]
[White "Patriki, Alexandra"]
[Black "Galani, Dimitra"]
[Result "0-1"]
[WhiteElo "1355"]
[BlackElo "1526"]
[PlyCount "64"]
[EventDate "2018.07.03"]
[EventType "swiss"]
[EventRounds "9"]
[EventCountry "GRE"]
[SourceTitle "EXT 2019"]
[Source "ChessBase"]
[SourceDate "2018.10.10"]
[SourceVersion "1"]
[SourceVersionDate "2018.10.10"]
[SourceQuality "1"]

1. e4 c5 2. Nc3 Nc6 3. g3 g6 4. Bg2 Bg7 5. d3 e6 6. Be3 d6 7. Qd2 Rb8 8. Nge2 Nd4 9. 0-0 Ne7 10. f4 0-0 11. g4 b5 12. Bxd4 cxd4 13. Nd1 d5 14. e5 Nc6 15. g5 h6 16. h4 a5 17. Bf3 Qb6 18. Nf2 Ne7 19. gxh6 Bxh6 20. Ng4 Bg7 21. Nf6+ Bxf6 22. exf6 Nf5 23. h5 Qd8 24. hxg6 fxg6 25. Bg4 Ne3 26. Bxe6+ Bxe6 27. Nxd4 Nxf1 28. Qe2 Bh3 29. Nc6 Qb6+ 30. Qf2 Qxc6 31. Qf3 Qe6 32. Rd1 Qe3+ 0-1

[Event "GRE-ch U20 Girls"]
[Site "Chania"]
[Date "2018.04.12"]
[Round "4"]
[White "Karavitaki, Evaggelia"]
[Black "Galani, Dimitra"]
[Result "1-0"]
[WhiteElo "1733"]
[BlackElo "1578"]
[PlyCount "77"]
[EventDate "2018.04.10"]
[EventType "swiss"]
[EventRounds "9"]
[EventCountry "GRE"]
[SourceTitle "CBM 184 Extra"]
[Source "ChessBase"]
[SourceDate "2018.06.28"]
[SourceVersion "1"]
[SourceVersionDate "2018.06.28"]
[SourceQuality "1"]
[WhiteTeam "Greece"]
[BlackTeam "Greece"]
[WhiteTeamCountry "GRE"]
[BlackTeamCountry "GRE"]

1. e4 c6 2. d4 d5 3. Nc3 dxe4 4. Nxe4 Bf5 5. Ng3 Bg6 6. h4 h6 7. Nh3 Nf6 8. Nf4 Bh7 9. Bc4 e6 10. 0-0 Nbd7 11. Re1 Bd6 12. Qe2 Qe7 13. Qf3 0-0-0 14. h5 Bxc2 15. Bd2 Nb6 16. Bf1 Bh7 17. a4 Nbd5 18. Nxd5 Nxd5 19. a5 Nb4 20. Rec1 Nc2 21. Ra4 Bb4 22. Rxc2 Bxc2 23. Rxb4 Rd5 24. Qc3 Bf5 25. a6 b6 26. Qxc6+ Qc7 27. Qa8+ Qb8 28. Rc4+ Kd7 29. Qc6+ Ke7 30. Nxf5+ Rxf5 31. Qc7+ Qxc7 32. Rxc7+ Kd6 33. Rxa7 Rxh5 34. Rxf7 Rd5 35. Bc3 g5 36. Be2 h5 37. Bf3 Rf5 38. Rxf5 exf5 39. a7 1-0

[Event "GRE-ch U18 Girls"]
[Site "Chania"]
[Date "2018.01.05"]
[Round "5"]
[White "Galani, Dimitra"]
[Black "Petraki, Argiro"]
[Result "0-1"]
[WhiteElo "1534"]
[BlackElo "1608"]
[PlyCount "84"]
[EventDate "2018.01.02"]
[EventType "swiss"]
[EventRounds "9"]
[EventCountry "GRE"]
[SourceTitle "EXT 2024"]
[Source "ChessBase"]
[SourceDate "2023.10.10"]
[SourceVersion "1"]
[SourceVersionDate "2023.10.10"]
[SourceQuality "1"]

1. e4 c5 2. Nf3 d6 3. d4 cxd4 4. Nxd4 Nf6 5. Nc3 g6 6. Be3 Bg7 7. Qd2 Ng4 8. Bg5 Nc6 9. Nxc6 bxc6 10. f3 Nf6 11. Bc4 0-0 12. Bb3 a5 13. Bh6 Qb6 14. 0-0-0 Rb8 15. h4 c5 16. Na4 Qb4 17. Bxg7 Qxd2+ 18. Rxd2 Kxg7 19. Bc4 Rb4 20. b3 Bd7 21. Nc3 Rfb8 22. a4 R4b7 23. Kd1 Nh5 24. Ke1 Nf4 25. Kf2 Ne6 26. Ne2 Nd8 27. Rhd1 Nc6 28. f4 Be6 29. Bxe6 fxe6 30. Rh1 Rb4 31. Kf3 c4 32. bxc4 Rxc4 33. h5 Rbb4 34. hxg6 hxg6 35. e5 dxe5 36. fxe5 Nxe5+ 37. Kf2 Ng4+ 38. Kg3 Ne3 39. Rd7 Rxc2 40. Nf4 Nf5+ 41. Kf3 e5 42. Nd5 Rb3+ 0-1

[Event "GRE-chT 45th"]
[Site "Achaia"]
[Date "2017.07.08"]
[Round "7.12"]
[White "Tzartzi, Petroula"]
[Black "Galani, Dimitra"]
[Result "0-1"]
[WhiteElo "1243"]
[BlackElo "1427"]
[PlyCount "96"]
[EventDate "2017.07.03"]
[EventType "team-swiss"]
[EventRounds "7"]
[EventCountry "GRE"]
[SourceTitle "CBM 179 Extra"]
[Source "ChessBase"]
[SourceDate "2017.08.23"]
[SourceVersion "1"]
[SourceVersionDate "2017.08.23"]
[SourceQuality "1"]
[WhiteTeam "Moudanion"]
[BlackTeam "Orekastro Marion Thunder"]
[WhiteTeamCountry "GRE"]
[BlackTeamCountry "GRE"]

1. e4 Nf6 2. e5 Nd5 3. c4 Nb6 4. d4 d6 5. Nf3 Bg4 6. exd6 exd6 7. Bd3 Nc6 8. Be3 g6 9. h3 Bxf3 10. Qxf3 Bg7 11. 0-0 0-0 12. Qf4 Nb4 13. Be4 Nxc4 14. a3 Nc6 15. Bxc6 bxc6 16. b4 c5 17. Ra2 cxb4 18. axb4 Qb8 19. d5 Nxe3 20. Qxe3 Re8 21. Qb3 Re4 22. b5 a5 23. Nd2 Rb4 24. Qd3 Qxb5 25. Qxb5 Rxb5 26. Rc1 Ra7 27. Nf3 Rxd5 28. Rc4 Rb5 29. Nd4 Bxd4 30. Rxd4 Rb1+ 31. Kh2 Kf8 32. Rd5 a4 33. Ra3 Rb3 34. Ra2 a3 35. Rdd2 Ke7 36. Re2+ Kd7 37. Rec2 c5 38. f3 d5 39. Rxc5 Kd6 40. Rcc2 d4 41. Kg3 d3 42. Rd2 Ke5 43. Kf2 Kd4 44. h4 Rab7 45. g4 Rb2 46. g5 Rxa2 47. Rxa2 Rb2+ 48. Rxb2 axb2 0-1

[Event "GRE-chT 45th"]
[Site "Achaia"]
[Date "2017.07.04"]
[Round "3.12"]
[White "Galani, Dimitra"]
[Black "Petraki, Argiro"]
[Result "1-0"]
[WhiteElo "1427"]
[BlackElo "1633"]
[PlyCount "89"]
[EventDate "2017.07.03"]
[EventType "team-swiss"]
[EventRounds "7"]
[EventCountry "GRE"]
[SourceTitle "CBM 179 Extra"]
[Source "ChessBase"]
[SourceDate "2017.08.23"]
[SourceVersion "1"]
[SourceVersionDate "2017.08.23"]
[SourceQuality "1"]
[WhiteTeam "Orekastro Marion Thunder"]
[BlackTeam "Chania Kaissa"]
[WhiteTeamCountry "GRE"]
[BlackTeamCountry "GRE"]

1. e4 c5 2. Nf3 Nc6 3. d4 cxd4 4. Nxd4 g6 5. c4 Bg7 6. Be3 Nf6 7. Nc3 0-0 8. f3 d6 9. Be2 Bd7 10. 0-0 Qb6 11. Na4 Qa5 12. Nxc6 Bxc6 13. Nc3 Nd7 14. Qd2 Rfc8 15. Rac1 a6 16. b3 Nc5 17. Rc2 Qd8 18. Rb1 Rab8 19. Bf1 a5 20. Qf2 Qe8 21. Rd1 Na6 22. Nd5 Bxd5 23. cxd5 Rxc2 24. Qxc2 Nb4 25. Qc7 Nxa2 26. Qxa5 Ra8 27. Qc7 b5 28. Qb7 Nc3 29. Rc1 Ra3 30. b4 Bf6 31. Bd2 Bd4+ 32. Kh1 Ra7 33. Qc6 Qxc6 34. dxc6 Na2 35. Rc2 Nxb4 36. c7 Nxc2 37. c8Q+ Kg7 38. Qxc2 Ra1 39. Bc1 b4 40. Bc4 f6 41. Qd2 g5 42. h4 h6 43. Kh2 Be5+ 44. Kh3 Bf4 45. Qd5 1-0

[Event "GRE-ch U16 Girls"]
[Site "Achaia"]
[Date "2017.06.27"]
[Round "2"]
[White "Liouri, Anastasia"]
[Black "Galani, Dimitra"]
[Result "0-1"]
[WhiteElo "1394"]
[BlackElo "1501"]
[PlyCount "172"]
[EventDate "2017.06.26"]
[EventType "swiss"]
[EventRounds "9"]
[EventCountry "GRE"]
[SourceTitle "CBM 179 Extra"]
[Source "ChessBase"]
[SourceDate "2017.08.23"]
[SourceVersion "1"]
[SourceVersionDate "2017.08.23"]
[SourceQuality "1"]

1. d4 e6 2. c4 b6 3. Bf4 Bb7 4. Nc3 Bb4 5. a3 Bxc3+ 6. bxc3 Nf6 7. f3 Nh5 8. Qd2 Nxf4 9. Qxf4 d6 10. e4 Nd7 11. Bd3 e5 12. Qe3 0-0 13. Ne2 Re8 14. 0-0 Qh4 15. Qf2 Qxf2+ 16. Rxf2 Rad8 17. Ng3 Nb8 18. Rd1 Nc6 19. Bf1 g6 20. Be2 Ne7 21. d5 Kg7 22. Nf1 Ng8 23. Ne3 Nf6 24. Ra1 Nd7 25. a4 Nc5 26. Ra3 a5 27. g4 Bc8 28. Nd1 Bd7 29. Nb2 f5 30. gxf5 gxf5 31. Bd3 fxe4 32. Bxe4 Nxe4 33. fxe4 Rg8 34. Ra1 Kh8+ 35. Kh1 Bh3 36. Rg1 Rgf8 37. Rd2 Rf4 38. Nd3 Rf3 39. Nf2 Bd7 40. Rg3 Rdf8 41. Kg2 Rxg3+ 42. hxg3 Bxa4 43. Rb2 Bd7 44. Nd3 Bg4 45. Ne1 Kg7 46. c5 dxc5 47. d6 cxd6 48. Rxb6 Ra8 49. Nc2 Bd1 50. Ne3 Be2 51. Rxd6 a4 52. Rd2 Bb5 53. Nf5+ Kf8 54. Ne3 a3 55. Ra2 Bd3 56. Kf3 Bb1 57. Ra1 a2 58. Nc4 Re8 59. Nd2 Rb8 60. Ke3 Rb2 61. g4 Rc2 62. Nxb1 axb1Q 63. Rxb1 Rxc3+ 64. Kf2 Kg7 65. Rg1 Kg6 66. g5 Rd3 67. Ke2 c4 68. Rc1 Rd4 69. Rg1 Rxe4+ 70. Kd2 Rf4 71. Kc3 Kf5 72. Rh1 Kg6 73. Rh6+ Kxg5 74. Rxh7 Kg4 75. Re7 Re4 76. Re8 Kf4 77. Rf8+ Ke3 78. Re8 Kf3 79. Re7 Kf4 80. Rf7+ Kg5 81. Re7 Kf6 82. Rc7 Ke6 83. Rxc4 Rxc4+ 84. Kxc4 Kf5 85. Kd3 Kf4 86. Ke2 Ke4 0-1

[Event "GRE-ch U14 Girls"]
[Site "Porto Rio"]
[Date "2016.07.04"]
[Round "7"]
[White "Galani, Dimitra"]
[Black "Hrysogelou, Athanasia Panagiota"]
[Result "0-1"]
[WhiteElo "1541"]
[BlackElo "1720"]
[PlyCount "64"]
[EventDate "2016.06.28"]
[EventType "swiss"]
[EventRounds "7"]
[EventCountry "GRE"]
[SourceTitle "CBM 173 Extra"]
[Source "ChessBase"]
[SourceDate "2016.08.29"]
[SourceVersion "1"]
[SourceVersionDate "2016.08.29"]
[SourceQuality "1"]

1. d3 c5 2. c3 d5 3. e4 e6 4. Nd2 Nc6 5. Ngf3 Bd6 6. Be2 Nf6 7. 0-0 0-0 8. Re1 Qc7 9. Bf1 Rd8 10. Qc2 b6 11. a3 Bb7 12. b3 Rac8 13. Bb2 Qb8 14. Rac1 Ba6 15. Qb1 dxe4 16. Nxe4 Nxe4 17. dxe4 Bxf1 18. Rxf1 c4 19. b4 b5 20. Rcd1 a5 21. Bc1 Ne5 22. h3 Nd3 23. Ne1 Nxc1 24. Qxc1 axb4 25. axb4 Bf4 26. Qc2 Rxd1 27. Qxd1 Rd8 28. Qg4 Bd2 29. Qf3 Qe5 30. Qe2 Qxc3 31. Nf3 Qxb4 32. Ra1 h6 0-1

[Event "GRE-ch U14 Girls"]
[Site "Porto Rio"]
[Date "2016.07.02"]
[Round "5"]
[White "Tsivelekidou, Evgenia"]
[Black "Galani, Dimitra"]
[Result "1-0"]
[WhiteElo "1853"]
[BlackElo "1541"]
[PlyCount "71"]
[EventDate "2016.06.28"]
[EventType "swiss"]
[EventRounds "7"]
[EventCountry "GRE"]
[SourceTitle "CBM 173 Extra"]
[Source "ChessBase"]
[SourceDate "2016.08.29"]
[SourceVersion "1"]
[SourceVersionDate "2016.08.29"]
[SourceQuality "1"]

1. d4 d6 2. Bg5 c6 3. e4 Nd7 4. Nf3 Qc7 5. c3 e5 6. Nbd2 Ngf6 7. Bd3 Be7 8. 0-0 0-0 9. Qc2 b5 10. a4 a6 11. axb5 cxb5 12. Bxb5 Bb7 13. Bd3 Rfc8 14. dxe5 dxe5 15. Rfe1 Nc5 16. Nb3 Nxd3 17. Qxd3 Rd8 18. Qc2 h6 19. Bh4 a5 20. Bg3 Nd7 21. Nbd2 Re8 22. b3 Ba6 23. Rec1 Rac8 24. h3 Bd6 25. Qa2 Bd3 26. Qxa5 Qb7 27. Qd5 Qxd5 28. exd5 Rb8 29. Ne1 Bf5 30. Nc2 Bd3 31. Ne3 f5 32. Nec4 Bxc4 33. Nxc4 Bf8 34. Ra7 Rbd8 35. Re1 f4 36. Bxf4 1-0

[Event "GRE-chT 43rd"]
[Site "Porto Rio"]
[Date "2015.10.11"]
[Round "6.9"]
[White "Galani, Dimitra"]
[Black "Karamitani, Angela"]
[Result "1-0"]
[WhiteElo "1415"]
[BlackElo "1351"]
[PlyCount "97"]
[EventDate "2015.10.08"]
[EventType "team-swiss"]
[EventRounds "7"]
[EventCountry "GRE"]
[SourceTitle "CBM 168 Extra"]
[Source "ChessBase"]
[SourceDate "2015.10.29"]
[SourceVersion "1"]
[SourceVersionDate "2015.10.29"]
[SourceQuality "1"]
[WhiteTeam "Orekastro Marion"]
[BlackTeam "Florinas OP"]
[WhiteTeamCountry "GRE"]
[BlackTeamCountry "GRE"]

1. e4 c5 2. Nf3 e6 3. d4 cxd4 4. Nxd4 Nf6 5. Nc3 Nc6 6. Ndb5 Bb4 7. a3 Bxc3+ 8. Nxc3 d5 9. exd5 exd5 10. Bd3 0-0 11. 0-0 d4 12. Ne2 Bg4 13. Bg5 Qd6 14. Qd2 Rfe8 15. Rfe1 Bh5 16. Qf4 Qxf4 17. Nxf4 Bg6 18. Nxg6 fxg6 19. f3 Rac8 20. Rxe8+ Rxe8 21. Rd1 Kf8 22. Bxf6 gxf6 23. Bb5 Rd8 24. Bxc6 bxc6 25. c3 c5 26. cxd4 Rxd4 27. Rxd4 cxd4 28. Kf2 Ke7 29. Ke2 Kd6 30. Kd3 Kd5 31. b4 a6 32. a4 f5 33. f4 h6 34. h4 Kc6 35. Kxd4 Kd6 36. b5 a5 37. b6 Kc6 38. Ke5 Kxb6 39. Kf6 Kc5 40. Kxg6 Kb4 41. Kxh6 Kxa4 42. Kg6 Kb3 43. h5 a4 44. h6 a3 45. h7 a2 46. h8Q Kc2 47. Qa1 Kb3 48. Kxf5 Ka3 49. g4 1-0